000 01202cab a2200265 4500
001 ABS54274
008 090401t1996 xxu||||| |||| 00| 0 eng d
035 _a(Sirsi) u9465
041 _aeng
100 _aWalsh, R.
245 _aDeft of design
260 _c1996
350 _a0
490 _aChartered Insurance Institute Journal
_vJanuary 1996, 24-25(2)
520 _aOutlines the roles played by client, planning supervisor, designer, principal contractor and main contractor in applying the Construction Design and Management Regulations 1995 through the five stages of a construction project from feasibility to handing over to the client. Summarises the main objectives of the Project Health and Safety Plan, Project Health and Safety File, Pre-tender Health and Safety Plan and the Construction Phase and Health and Safety Plan.
650 _aCONSTRUCTION (DESIGN AND MANAGEMENT) REGULATIONS 1994
650 _aCONSTRUCTION (DESIGN AND MANAGEMENT) REGULATIONS 1994
650 _aHEALTH AND SAFETY
_96244
650 _aLIABILITY
650 _aPLANNING SUPERVISORS
650 _aSITE SAFETY
690 _aBUILT ENVIRONMENT-BUILDING STANDARDS
942 _n0
948 _c04/03/1997
999 _c5916
_d5916